| 000 | 00578nam a22001937a 4500 | ||
|---|---|---|---|
| 999 |
_c196167 _d196167 |
||
| 005 | 20230606160430.0 | ||
| 010 | _aENG-137085 | ||
| 020 |
_a9789390082988 _c190.00 |
||
| 035 | _aEN-120617 | ||
| 037 | _bDBAD/PUB | ||
| 082 | _a332.1 | ||
| 100 | _aDeepa, A.C. | ||
| 245 |
_aFinancial Market and Services: _cby A.C. Deepa and N. Kiruthika |
||
| 260 |
_aTamil Nadu _bShanlax Publications _c2020 |
||
| 270 |
_a61,66 T.P.K. Main Road Vasantha Nagar _bMadurai _e625003 |
||
| 300 |
_a144p.; _c25cm(Pbk) |
||
| 700 | _aKiruthika, N | ||
| 942 |
_2ddc _cEN _mDEE _h332.1 |
||